000 00951cam a2200217 4500
001 ABS65809
008 020819n2002 000 0 eng u
035 _a(Sirsi) u119391
100 _aHamson, L
245 _aStand off
260 _c2002
490 _aProperty Week
_v67(25) 28 June 2002, 34-37(4)
520 _aA series of articles on the bidding war over commercial property as more buyers, driven by debt, are moving into competition with the institutions. Includes features on Matrix's £350m fund to target higher yielding properties in order to combat institutional buyers; an interview with Peter Roscrow, MD of Close Property Management and a report on Charles Fry's career.
590 _aABS
650 _aPRIVATE INVESTORS
650 _aINSTITUTIONAL INVESTORS
650 _aPROPERTY COMPANIES
650 _aINVESTMENT MARKET
690 _aPROPERTY-COMMERCIAL PROPERTY-COMMERCIAL PROPERTY FINANCE AND INVESTMENT
942 _n0
999 _c70975
_d70975